Chansons de Stromae - Statistiques

Statistiques générales
  • Ce quiz a été pris 85 fois
  • Le résultat moyen est 15 sur 36
Statistiques - réponses
Album Titre % Correct
Racine carrée 2 Papaoutai
92%
Racine carrée 6 Formidable
88%
Racine carrée 5 Tous les mêmes
81%
Cheese 5 Alors on danse
79%
Racine carrée 8 Carmen
71%
Racine carrée 1 Ta fête
68%
Multitude 2 Santé
59%
Multitude 5 L'Enfer
58%
Racine carrée 7 Moules frites
56%
Racine carrée 4 Ave Cesaria
53%
Racine carrée 13 AVF
49%
Racine carrée 10 Quand c'est ?
49%
Racine carrée 3 Bâtard
48%
Multitude 4 Fils de joie
48%
Multitude 12 Bonne journée
41%
Multitude 11 Mauvaise journée
40%
Racine carrée 9 Humain à l'eau
38%
Cheese 2 Te quiero
37%
Racine carrée 11 Sommeil
36%
Cheese 11 Cheese
34%
Racine carrée 12 Merci
33%
Multitude 9 Mon Amour
32%
Multitude 3 La Solassitude
29%
Multitude 8 Riez
29%
Cheese 3 Peace or Violence
27%
Multitude 1 Invaincu
26%
Cheese 9 Je cours
23%
Multitude 10 Déclaration
21%
Cheese 4 Rail de musique
21%
Multitude 7 Pas vraiment
19%
Cheese 1 Bienvenue chez moi
18%
Multitude 6 C'est que du bonheur
18%
Cheese 8 Silence
18%
Cheese 7 Dodo
16%
Cheese 6 Summertime
16%
Cheese 10 House'llelujah
15%
Aucun quiz correspondant
Distribution des résultats
% des personnes avec chaque résultat
Percentile par nombre de réponses
Votre historique - résultats
Vous n’avez pas pris ce quiz